000 00274nam a22001097a 4500
008 160518b xxu||||| |||| 00| 0 eng d
020 _a1560534370
041 _aeng
080 _a61
245 _aPhysical medicine and rehabilitation secrets:
_cBryan O'young;
942 _2udc
_cBK
999 _c2155
_d2155